000 00454nam a2200181Ia 4500
003 GCL
008 140319s9999 xx 000 0 eng d
040 _aGCL /
_cGCL
082 0 4 _a959.803
_bC M
100 1 _aCRIBB, ROBERT
245 1 0 _aMODERN INDONESIA: A HISTORY SIN CE 1945 /
_cCRIBB, ROBERT
700 1 _aBROWN, COLIN
260 _a[S.N] :
_bLONGMAN ،
_c1995
300 _a192 P
650 0 4 _aHISTORY
650 0 4 _aINDONESIA
942 _2ddc
_cBK
999 _c24102
_d24102